|
|
|
|
| LEADER |
01471nam a2200289 a 4500 |
| 001 |
0017426 |
| 003 |
BD-DhAAL |
| 008 |
090702s1999 mau b 001 0 eng d |
| 010 |
|
|
|a \\\98028722
|
| 020 |
|
|
|a 0631172750 (alk. paper)
|
| 020 |
|
|
|a 0631172769 (pbk. : alk. paper)
|
| 040 |
|
|
|a BD-DhAAL
|c BD-DhAAL
|
| 082 |
0 |
0 |
|a 801
|2 21
|
| 100 |
1 |
|
|a Ryan, Michael,
|d 1951-
|9 58226
|
| 245 |
1 |
0 |
|a Literary theory :
|b a practical introduction : readings of William Shakespeare, King Lear, Henry James, "The Aspern papers," Elizabeth Bishop, The complete poems 1927-1979, Toni Morrison, The bluest eye /
|c Michael Ryan.
|
| 260 |
|
|
|a Malden, Mass. :
|b Blackwell Publishers,
|c 1999.
|
| 300 |
|
|
|a ix, 161 p. ;
|c 23 cm
|
| 504 |
|
|
|a Includes bibliographical references and index.
|
| 526 |
|
|
|a ENH
|x Professor Syed Manzoorul Islam
Coordinator
Department of English and Humanities
|
| 541 |
1 |
|
|e 00017426
|a Friends' Book Corner
|
| 650 |
|
0 |
|a Literature
|x Philosophy.
|
| 650 |
|
0 |
|a Literature
|x History and criticism
|x Theory, etc.
|
| 852 |
4 |
|
|a Ayesha Abed Library
|c General Stacks
|
| 942 |
|
|
|2 ddc
|c BK
|
| 999 |
|
|
|c 1987
|d 1987
|
| 952 |
|
|
|0 0
|1 0
|2 ddc
|4 0
|6 801_RYA
|7 0
|9 1824
|a BRACUL
|b BRACUL
|c GEN
|d 2009-07-02
|e Friends' Book Corner
|g 790.00
|l 1
|m 1
|o 801 RYA
|p 3010017426
|r 2011-10-09
|s 2011-09-04
|t 1
|w 2009-07-02
|y BK
|x Requisitioned by Professor Syed Manzoorul Islam (Coordinator).
|
| 952 |
|
|
|0 0
|1 0
|2 ddc
|4 0
|6 801_RYA
|7 0
|9 13673
|a BRACUL
|b BRACUL
|c GEN
|d 2010-12-28
|l 0
|o 801 RYA
|p 3010013959
|r 2010-12-28
|t 2
|w 2010-12-28
|y BK
|